Камерно-вокальное творчество В. А. Гаврилина как учебный репертуар (Запись № 12946887)

Подробности
000 -МАРКЕР
контрольное поле 02575nam0a2200337 4500
001 - ИДЕНТИФИКАТОР ЗАПИСИ
контрольное поле RU\NLR\BIBL_A\012722721
005 - ИДЕНТИФИКАТОР ВЕРСИИ
контрольное поле 20220523105700.0
010 ## - МЕЖДУНАРОДНЫЙ СТАНДАРТНЫЙ НОМЕР КНИГИ (ISBN)
Номер (ISBN) 978-5-7114-0804-8
Тираж 100
021 ## - НОМЕР ГОСУДАРСТВЕННОЙ РЕГИСТРАЦИИ
Код страны Российская Федерация
Номер КН-П-21-080319
Номер Листа государственной регистраци КН-П-21-6387
035 ## - ДРУГИЕ СИСТЕМНЫЕ НОМЕРА
Идентификатор записи (NLR Aleph) 012722721
035 ## - ДРУГИЕ СИСТЕМНЫЕ НОМЕРА
Идентификатор записи (RuMoRGB)010883741
100 ## - ДАННЫЕ ОБЩЕЙ ОБРАБОТКИ
Данные общей обработки 20220304d2021 u y0rusy50 ca
101 0# - ЯЗЫК РЕСУРСА
Язык текста, звукозаписи и т.д. русский
102 ## - СТРАНА ПУБЛИКАЦИИ ИЛИ ПРОИЗВОДСТВА
Страна публикации Российская Федерация
105 ## - ПОЛЕ КОДИРОВАННЫХ ДАННЫХ: ТЕКСТОВЫЕ МАТЕРИАЛЫ, МОНОГРАФИЧЕСКИЕ
Кодированные данные о монографическом текстовом документе g|||j||||||z|
181 #1 - ПОЛЕ КОДИРОВАННЫХ ДАННЫХ: ВИД СОДЕРЖАНИЯ
Код вида содержания (ISBD) i
Код характеристики содержания (ISBD) e
182 #1 - ПОЛЕ КОДИРОВАННЫХ ДАННЫХ: ТИП СРЕДСТВА
Код типа средства (ISBD) n - непосредственное
200 1# - ЗАГЛАВИЕ И СВЕДЕНИЯ ОБ ОТВЕТСТВЕННОСТИ
Основное заглавие Камерно-вокальное творчество В. А. Гаврилина как учебный репертуар
Сведения, относящиеся к заглавию учебно-методическое пособие
-- для студентов консерваторий и вузов искусств по специальности 53.05.04 Музыкально-театральное искусство, специализация "Искусство оперного пения"
Первые сведения об ответственности Г. В. Титова
Последующие сведения об ответственности Министерство культуры Российской Федерации, Министерство культуры Челябинской области, ГБОУ ВО ЧО "Магнитогорская государственная консерватория (академия) имени М. И. Глинки"
203 ## - ВИД СОДЕРЖАНИЯ И ТИП СРЕДСТВА
Вид содержания Текст
Дополнительные сведения об издании визуальный
Тип средства непосредственный
210 ## - ПУБЛИКАЦИЯ, РАСПРОСТРАНЕНИЕ И ДР.
Место издания, распространения и т.д. Магнитогорск
Имя издателя, распространителя и т. д. ГБОУ ВО ЧО "Магнитогорская государственная консерватория (академия) имени М.И. Глинки"
-- Магнитогорский Дом печати
Дата издания, распространения и т.д. 2021
215 ## - ФИЗИЧЕСКАЯ ХАРАКТЕРИСТИКА
Специфическое обозначение материала и объем 46 с.
Другие сведения о физической характеристике нот.
Размеры 21
320 ## - ПРИМЕЧАНИЯ О НАЛИЧИИ В ДОКУМЕНТЕ БИБЛИОГРАФИИ / УКАЗАТЕЛЯ
Текст примечания Библиогр.: с. 43-45 (26 назв.)
604 ## - ИМЯ И ЗАГЛАВИЕ КАК ПРЕДМЕТ
Связываемые данные 700#1$aГаврилин$bВ. А.$gВалерий Александрович$f1939 - 1999
-- 5011#$aВокальные циклы$jУчебно-методические пособия$2nlr_sh2$3RU\NLR\AUTH\6601705275
Имя лица Гаврилин, Валерий Александрович (1939 - 1999)
Заглавие Вокальные циклы
Формальный подзаголовок Учебно-методические пособия
Системный номер авторитетной/нормативной записи 2514533
Идентификатор авторитетной/нормативной записи RU\NLR\AUTH\6601705275
686 1# - ИНДЕКСЫ ДРУГИХ КЛАССИФИКАЦИЙ
Индекс Щ313(2Р=Рус)7-81Гаврилин 44
700 #1 - ИМЯ ЛИЦА - ПЕРВИЧНАЯ ОТВЕТСТВЕННОСТЬ
Графика поля Кириллица
Материалы, к которым относится поле rus
Начальный элемент ввода Титова
Часть имени, кроме начального элемента ввода Г. В.
Дополнения к именам, кроме дат преподаватель, вокальное пение
Расширение инициалов личного имени Галина Васильевна
Системный номер авторитетной/нормативной записи 242491
Идентификатор авторитетной/нормативной записи RU\NLR\AUTH\770242547
702 #1 - ИМЯ ЛИЦА - ВТОРИЧНАЯ ОТВЕТСТВЕННОСТЬ
Начальный элемент ввода Гаврилин
Часть имени, кроме начального элемента ввода В. А.
Даты 1939-1999
Расширение инициалов личного имени Валерий Александрович
Код отношения Композитор
942 ## - ДОПОЛНИТЕЛЬНЫЕ ЭЛЕМЕНТЫ ЗАПИСИ (АБИС)
Тип экземпляра АБИС Книга
980 ## - КОЛЛЕКЦИЯ
Название коллекции Национальная библиография
Экземпляры
Тип экземпляра Дата поступления Источник поступления Библиотека постоянного хранения Библиотека текущего хранения Место хранения Шифр хранения Штрих-код Статус экземпляра
Книга 04.03.2022 Обязательный экземпляр РНБ (Московский) РНБ (Московский) Русский книжный фонд: издания с 1957 года 2022-4/1702 1-3720634  
Книга 04.03.2022 Обязательный экземпляр РНБ (Московский) РНБ (Московский) Русский книжный фонд: издания с 1957 года 2022-4/1702 1-3720635